|
|
|
|
| LEADER |
01059nam a22003137a 4500 |
| 001 |
30408 |
| 003 |
BD-DhAAL |
| 005 |
20151111171731.0 |
| 008 |
150906s2001 bg a|||| b||| 00| 0 eng d |
| 040 |
|
|
|a BD-DhAAL
|c BD-DhAAL
|
| 082 |
|
|
|2 22
|a 307.1412095492
|
| 999 |
|
|
|c 36121
|d 36121
|
| 999 |
|
|
|c 36121
|
| 999 |
|
|
|c 36041
|
| 999 |
|
|
|c 36041 | 36029 | 36026 | 35433
|
| 999 |
|
|
|c 36029
|
| 999 |
|
|
|c 36026
|
| 999 |
|
|
|c 35433
|
| 100 |
|
|
|a Strom, Shayna L
|9 15967
|
| 245 |
|
|
|a 25 years of BRAC Research :
|c Shayna L Strom
|b achievements, challenges and opportunities /
|
| 260 |
|
|
|a Dhaka :
|b Research and Evaluation Division, BRAC,
|c 2001
|
| 300 |
|
|
|a 15 p. :
|b ill. ;
|c 25 cm.
|
| 490 |
|
|
|a research monograph series
|v 21
|
| 541 |
|
|
|e 30408
|
| 610 |
|
|
|a BRAC
|9 14405
|
| 650 |
|
|
|a Rural Development
|z Bangladesh
|9 14406
|
| 852 |
|
|
|a Ayesha Abed Library
|c BRAC Resource Section
|
| 942 |
|
|
|2 ddc
|c BK
|
| 952 |
|
|
|0 0
|1 0
|2 ddc
|4 0
|6 307_141209549200000_STR
|7 0
|9 56775
|a BRACUL
|b BRACUL
|c BRS
|d 2015-11-11
|e BRAC
|l 0
|o 307.1412095492 STR
|p 3010030408
|r 2015-11-11
|t 1
|w 2015-11-11
|y BK
|